Statystyki dla Złote rzadkie karty poniżej 80 overalla w EA FC 24

Kliknij tutaj aby rozwiązać quiz!

Ogólne statystyki

  • Ten quiz został rozwiązany 5 razy
  • Średni wynik to 25 z 223

Statystyki odpowiedzi

OverallNarodowośćZawodnik% Poprawnych
79PolskaPrzemysław Frankowski
100%
80JaponiaWataru Endo
80%
75WaliaDaniel James
60%
80AngliaAaron Wan-Bissaka
40%
80HiszpaniaBrahim Diaz
40%
80DRKChancel Mbemba
40%
80WłochyGiorgio Chiellini
40%
80PortugaliaGoncalo Ramos
40%
80MaliHamari Traore
40%
75JaponiaHiroki Ito
40%
80HiszpaniaJonathan Viera Ramos
40%
80ArgentynaJulian Alvarez
40%
78JaponiaJunya Ito
40%
80JaponiaKaoru Mitoma
40%
80NiemcyKarim Adeyemi
40%
76ChinyKesen Ai
40%
78GrecjaKonstantinos Mavropanos
40%
78KolumbiaLuis Sinisterra
40%
78AngolaM'Bala Nzola
40%
80GabonPierre-Emerick Aubameyang
40%
76KosowoRashica
40%
79HolandiaRyan Gravenberch
40%
76SerbiaVanja Milinković-Savić
40%
80FrancjaYoussouf Fofana
40%
80CzarnogóraAdam Marusić
20%
75BośniaAnel Ahmedhodzic
20%
80FrancjaAnthony Martial
20%
76USAAntonee Robinson
20%
77PolskaBartłomiej Drągowski
20%
80FrancjaBoubacar Kamara
20%
79HiszpaniaCarlos Soler
20%
80WłochyDavide Frattesi
20%
78NiemcyDavid Raum
20%
80HiszpaniaDe Marcos
20%
78GabonDenis Bouanga
20%
79SzwajcariaDenis Zakaria
20%
77WłochyDestiny Udogie
20%
78SzwajcariaDjibril Sow
20%
80ArgentynaFacundo Medina
20%
80FrancjaFrancis Coquelin
20%
78HiszpaniaFran Garcia
20%
78BrazyliaGaleno
20%
80HolandiaGeorginio Wijnaldum
20%
79WłochyGiacomo Raspadori
20%
80GruzjaGiorgi Mamardashvili
20%
79ArgentynaGonzalo Montiel
20%
77TogoIhlas Bebou
20%
79FrancjaJean-Clair Todibo
20%
79AngliaJoe Gomez
20%
80FrancjaJordan Veretout
20%
78PortugaliaJota
20%
76KolumbiaJuan Hernandez
20%
77HolandiaJustin Kluivert
20%
76SzwajcariaKevin Mbabu
20%
79FrancjaKhephren Thuram
20%
77JaponiaKo Itakura
20%
75SenegalKrepin Diatta
20%
77JaponiaKyogo Furuhashi
20%
79JamajkaLeon Bailey
20%
77Trynidad i TobagoLevi Garcia
20%
79NiemcyLukas Klostermann
20%
80AustriaMarcel Sabitzer
20%
80AustriaMarko Arnautović
20%
80HolandiaMarten de Roon
20%
79BrazyliaMatheus Reis
20%
78HolandiaMicky van de Ven
20%
78MaliMohamed Camara
20%
79FrancjaMohamed Simakan
20%
79GhanaMohammed Kudus
20%
80EkwadorMoises Caicedo
20%
80WłochyNicolo Zaniolo
20%
76SzwajcariaNoah Okafor
20%
78HolandiaNoa Lang
20%
80AngliaOllie Watkins
20%
80BrazyliaPepe
20%
76CzechyPetr Sevcik
20%
78FrancjaPierre Kalulu
20%
80BrazyliaRicharlison
20%
78AngliaRico Henry
20%
79HiszpaniaRobert Sanchez
20%
77Arabia SaudyjskaSalem Al-Dawsari
20%
78TurcjaSalih Özcan
20%
78SurinamSheraldo Becker
20%
75GrecjaTaxiarchis Fountas
20%
79MaltaTeddy Teuma
20%
80FrancjaTeji Savanier
20%
79ArgentynaThiago Almada
20%
78HolandiaTijjani Reijnders
20%
77NiemcyTimo Hubers
20%
76WłochyTommaso Pobega
20%
78USATyler Adams
20%
78HolandiaTyrrell Malacia
20%
80FrancjaValentin Rongier
20%
79HolandiaXavi Simons
20%
76GabonAaron Boupendza
0%
76HiszpaniaAdria Pedrosa
0%
78FrancjaAlban Lafont
0%
79SerbiaAleksandar Mitrović
0%
79DaniaAlexander Bah
0%
80HiszpaniaAlex Berenguer
0%
80HiszpaniaAlex Moreno
0%
78UrugwajAlfonso Espino
0%
75KanadaAlistair Johnston
0%
77UkrainaAnatoliy Trubin
0%
80PortugaliaAndre Silva
0%
76HolandiaAndries Noppert
0%
78HiszpaniaAnsu Fati
0%
78CzechyAntonin Barak
0%
78PortugaliaAntonio Silva
0%
75NiemcyAnton Stach
0%
75KosowoArijanet Muric
0%
75SenegalBadou Ndiaye
0%
75AngliaBen Godfrey
0%
77PortugaliaBruma
0%
76USACameron Carter-Vickers
0%
77FrancjaCastello Lukeba
0%
75BrazyliaCesinha
0%
79SzkocjaConnor McGregor
0%
78BrazyliaCoronado
0%
78KolumbiaCuellar
0%
77KolumbiaDarwin Machis
0%
80SłowacjaDavid Hancko
0%
80BrazyliaDavid Neres
0%
80KolumbiaDavid Ospina
0%
80PortugaliaDiogo Dalot
0%
77BrazyliaDodo
0%
77NiemcyDominik Kohr
0%
75NigeriaEjuke
0%
78FrancjaElye Wahi
0%
76HiszpaniaEric Curbelo
0%
80ArgentynaErik Lamela
0%
78FrancjaEvan N'Dicka
0%
80ArgentynaExequiel Palacios
0%
80ArgentynaEzequiel Avila
0%
79AngliaEzri Konsa
0%
75ArgentynaFacundo Farias
0%
75MaliFalaye Sacko
0%
75WłochyFederico Baschirotto
0%
77NiemcyFelix Nmecha
0%
77TurcjaFerdi Kadioglu
0%
79NorwegiaFredrik Aursnes
0%
78PortugaliaGedson Fernandes
0%
80HiszpaniaGerard Deulofeu
0%
79AustriaGernot Trauner
0%
79PortugaliaGoncalo Guedes
0%
79PortugaliaGoncalo Inacio
0%
80BrazyliaIbanez
0%
75NigeriaIgoh Ogbu
0%
76SenegalIsmaila Sarr
0%
78AngliaJacob Ramsey
0%
75MarokoJawad El-Yamiq
0%
75WKSJean-Daniel Akpa Akpro
0%
76GhanaJeffrey Schlupp
0%
77HolandiaJeremiah St. Juste
0%
77BelgiaJeremy Doku
0%
80MeksykJesus Corona
0%
77KolumbiaJohan Mojica
0%
77HiszpaniaJordi Masip Lopez
0%
79GhanaJoseph Aidoo
0%
75GhanaJoseph Paintsil
0%
78AngliaJoseph Willock
0%
79ChorwacjaJosip Sutalo
0%
80KolumbiaJuan Cuadrado
0%
79HolandiaJurrien Timber
0%
80AustriaKevin Danso
0%
80SzkocjaKieran Tierney
0%
80WłochyLeonardo Spinazzola
0%
79ArgentynaLucas Robertone
0%
77ArgentynaLuciano Acosta
0%
79KolumbiaLuis Muriel
0%
80WłochyLuiz Felipe
0%
79WłochyManuel Lazzari
0%
75NiemcyMarc-Oliver Kempf
0%
79PortugaliaMatheus Nunes
0%
76BelgiaMats Rits
0%
79FrancjaMatteo Guendouzi
0%
76FrancjaMaxence Lacroix
0%
75TurcjaMert Gunok
0%
77BrazyliaMichael Oliveira
0%
75HolandiaMilan van Ewijk
0%
79HiszpaniaMorales
0%
80NiemcyMukhtar
0%
75UrugwajNahitan Nandez
0%
78BelgiaNdayishimiye
0%
77RumuniaNicolae Stanciu
0%
77ArgentynaNicolas Dominguez
0%
80ArgentynaNicolas Tagliafico
0%
79WłochyNicolo Casale
0%
79HiszpaniaNico Williams
0%
80PortugaliaNuno Santos
0%
76PortugaliaNuno Tavares
0%
76WKSOdilon Kossounou
0%
77MeksykOrbelin Pineda
0%
76FrancjaOumar Solet
0%
78AustriaPatrick Wimmer
0%
78ArgentynaPaulo Gazzaniga
0%
79EkwadorPiero Hincapie
0%
76HiszpaniaPuado
0%
80WłochyRafael Tolói
0%
80AlgieriaRamy Bensebaini
0%
77PeruRaul Ruidiaz
0%
78PortugaliaRenato Sanches
0%
76SzwajcariaRenato Steffen
0%
79NiemcyRidle Baku
0%
79BrazyliaRomarinho
0%
76AngliaRyan Kent
0%
79FrancjaSacha Boey
0%
75Gwinea RównikowaSaul Basilio Coco Bassey Oubina
0%
80HiszpaniaSaul Ñiguez
0%
75MaliSekou Koita
0%
80BelgiaSimon Mignolet
0%
76MarokoSoufiane Rahimi
0%
77PortugaliaThierry Correia
0%
79DaniaThomas Delaney
0%
76PortugaliaTiago Djalo
0%
79NiemcyUnnerstall
0%
76FrancjaValentin Rosier
0%
77SzwecjaViktor Claesson
0%
76WłochyWladimiro Falcone
0%
79HiszpaniaYuri Berchinche
0%
76NigeriaZaidu Sanusi
0%
75MarokoZakaria Aboukhlal
0%
80HiszpaniaZubeldia
0%

Rozkład punktacji

Percentyl według liczby udzielonych odpowiedzi

Procent ludzi z każdym wynikiem

Twoja historia wyników

Nie rozwiązałeś tego quizu